Strzelcy bramek w 6 kolejce Ekstraklasy w sezonie 2020/21. - Statystyki

Ogólne statystyki
  • Ten quiz został rozwiązany 12 razy
    6 od ostatniego zresetowania
  • Średni wynik to 12 z 25
Statystyki odpowiedzi
Hint Odpowiedź % Poprawnych
Podbeskidzie - Stal Mielec 1:0 Biliński
80%
Piast Gliwice - Lech Poznań 0:1 Moder
80%
Wisła Kraków - Lechia Gdańsk 1:3 Paixao
80%
Warta Poznań - Legia Warszawa 0:3 Pekhart
80%
Warta Poznań - Legia Warszawa 0:1 Wszołek
80%
Raków Częstochowa - Wisła Płock 2:0 Cebula
60%
Śląsk Wrocław - Cracovia 1:0 Exposito
60%
Śląsk Wrocław - Cracovia 3:1 Exposito
60%
Pogoń Szczecin - Jagiellonia Białystok 3:0 Gorgon
60%
Śląsk Wrocław - Cracovia 2:1 Hanca
60%
Warta Poznań - Legia Warszawa 0:2 Mladenovic
60%
Raków Częstochowa - Wisła Płock 1:0 Petrasek
60%
Raków Częstochowa - Wisła Płock 3:0 Tijanic
60%
Pogoń Szczecin - Jagiellonia Białystok 1:0 (bramka samobójcza) Bodvarsson
40%
Pogoń Szczecin - Jagiellonia Białystok 2:0 Kowalczyk
40%
Piast Gliwice - Lech Poznań 0:3 Marchwiński
40%
Wisła Kraków - Lechia Gdańsk 1:1 Nalepa
40%
Piast Gliwice - Lech Poznań 0:2 Ramirez
40%
Zagłębie Lubin - Górnik Zabrze 2:0 Szysz
40%
Wisła Kraków - Lechia Gdańsk 1:0 Carlos
20%
Zagłębie Lubin - Górnik Zabrze 1:0 (bramka samobójcza) Chudy
20%
Śląsk Wrocław - Cracovia 2:0 Golla
20%
Wisła Kraków - Lechia Gdańsk 1:2 (bramka samobójcza) Sadlok
20%
Piast Gliwice - Lech Poznań 1:4 Żyro
20%
Piast Gliwice - Lech Poznań 0:4 Katcharava
0%
Nie znaleziono quizów pasujących do podanych kryteriów
Rozkład punktacji
Procent ludzi z każdym wynikiem
Percentyl według liczby udzielonych odpowiedzi
Twoja historia wyników
Nie rozwiązałeś tego quizu od ostatniego zresetowania